[Event "Benidorm 2013 - Torneo sub2000"]
[Site "Benidorm ESP"]
[Date "2013.12.05"]
[Round "8.2"]
[White "Hall, Rachid"]
[Black "Del Mastro, Marco"]
[Result "1-0"]
[WhiteElo "1973"]
[BlackElo "1944"]
[PlyCount "69"]
[EventDate "2013.11.29"]
[EventRounds "10"]
[EventCountry "ESP"]
[Source "lmi"]
[SourceDate "2013.11.29"]

1. e4 g6 2. d4 Bg7 3. Nf3 d6 4. c4 Nf6 5. Bd3 O-O 6. O-O Bg4 7. h3 Bxf3 8. Qxf3
Nc6 9. d5 Nd4 10. Qd1 c5 11. Nc3 a6 12. Be3 Nd7 13. Rc1 Ne5 14. Bxd4 cxd4 15.
Ne2 Qb6 16. f4 Nd7 17. b3 Nc5 18. Kh1 a5 19. Rb1 Qb4 20. a4 Qb6 21. Ng1 Qb4 22.
Ne2 Rac8 23. Bc2 Qb6 24. Ng3 e6 25. dxe6 fxe6 26. f5 gxf5 27. exf5 e5 28. f6 d3
29. Qg4 Rc7 30. fxg7 Rf4 31. Rxf4 exf4 32. Nf5 d5 33. Qg5 Rd7 34. Qh6 Qxh6 35.
Nxh6+ 1-0

[Event "Benidorm 2013 - Torneo sub2000"]
[Site "Benidorm ESP"]
[Date "2013.12.05"]
[Round "8.3"]
[White "Elmas, Mustafa"]
[Black "Rincon Carrillo, Ricardo"]
[Result "0-1"]
[WhiteElo "1949"]
[BlackElo "1966"]
[PlyCount "45"]
[EventDate "2013.11.29"]
[EventRounds "10"]
[EventCountry "ESP"]
[Source "lmi"]
[SourceDate "2013.11.29"]

1. e4 c5 2. Nf3 d6 3. d4 cxd4 4. Nxd4 Nf6 5. Nc3 a6 6. Be2 e6 7. Be3 Be7 8. g4
b5 9. g5 Nfd7 10. Qd2 b4 11. Na4 Qa5 12. b3 Bb7 13. f3 d5 14. exd5 Bxd5 15. h4
Nc6 16. Nb2 O-O 17. Nxc6 Bxc6 18. Nc4 Qc7 19. O-O-O Rfd8 20. Qe1 e5 21. Kb1 a5
22. Rxd7 Rxd7 23. Nb6 0-1

[Event "Benidorm 2013 - Torneo sub2000"]
[Site "Benidorm ESP"]
[Date "2013.12.05"]
[Round "8.4"]
[White "Tirado Parra, Alberto"]
[Black "Aliyev, Ravan Azar"]
[Result "0-1"]
[WhiteElo "1900"]
[BlackElo "1956"]
[PlyCount "48"]
[EventDate "2013.11.29"]
[EventRounds "10"]
[EventCountry "ESP"]
[Source "lmi"]
[SourceDate "2013.11.29"]

1. Nf3 g6 2. d4 Nf6 3. Bf4 Bg7 4. e3 d6 5. Be2 O-O 6. O-O Nbd7 7. c4 Qe8 8. h3
e5 9. dxe5 Nxe5 10. Nxe5 dxe5 11. Bg3 Qe7 12. Nc3 c6 13. Bh4 Bf5 14. e4 Rad8
15. Qa4 Bc8 16. Rad1 a6 17. Bg4 Bxg4 18. hxg4 Qc5 19. Qb3 Rxd1 20. Rxd1 Nxg4
21. Na4 Qa5 22. Nb6 Bf6 23. Bg3 Rd8 24. Nd7 Rxd7 0-1

[Event "Benidorm 2013 - Torneo sub2000"]
[Site "Benidorm ESP"]
[Date "2013.12.05"]
[Round "8.5"]
[White "Cebrian Flores, Juan Antonio"]
[Black "Blondel, Jerome"]
[Result "1/2-1/2"]
[WhiteElo "1955"]
[BlackElo "1924"]
[PlyCount "45"]
[EventDate "2013.11.29"]
[EventRounds "10"]
[EventCountry "ESP"]
[Source "lmi"]
[SourceDate "2013.11.29"]

1. e4 d5 2. exd5 Qxd5 3. Nc3 Qd6 4. d4 Nf6 5. Nf3 a6 6. g3 Bg4 7. Bg2 Nc6 8. d5
Nb4 9. Bf4 Qd8 10. h3 Bh5 11. Qd2 Nbxd5 12. O-O-O c6 13. g4 Bg6 14. Ne5 e6 15.
Nxg6 hxg6 16. a3 Qa5 17. Nxd5 Qxd2+ 18. Rxd2 Nxd5 19. Be5 Be7 20. Kb1 Bf6 21.
Bg3 Bh4 22. Bh2 Bg5 23. Rd3 1/2-1/2

[Event "Benidorm 2013 - Torneo sub2000"]
[Site "Benidorm ESP"]
[Date "2013.12.05"]
[Round "8.6"]
[White "Gomez Dieguez, Adrian"]
[Black "Denisik, Sergei"]
[Result "1-0"]
[WhiteElo "1999"]
[BlackElo "1956"]
[PlyCount "50"]
[EventDate "2013.11.29"]
[EventRounds "10"]
[EventCountry "ESP"]
[Source "lmi"]
[SourceDate "2013.11.29"]

1. e4 e5 2. Nf3 Nc6 3. Bb5 a6 4. Ba4 Nf6 5. Qe2 Be7 6. c3 d6 7. O-O O-O 8. Rd1
Bg4 9. h3 Bh5 10. d3 b5 11. Bc2 b4 12. Ba4 Bxf3 13. Qxf3 bxc3 14. bxc3 Na5 15.
Nd2 c6 16. Nf1 Nd7 17. Ne3 Nb6 18. Bc2 Bg5 19. g3 g6 20. h4 Bxe3 21. Bxe3 f5
22. Bh6 Rf7 23. d4 fxe4 24. Qxe4 Qf6 25. f4 Nd7 1-0

[Event "Benidorm 2013 - Torneo sub2000"]
[Site "Benidorm ESP"]
[Date "2013.12.05"]
[Round "8.7"]
[White "Blesa Fernandez, Francisco"]
[Black "Gonzalez Capacete, Jose Miguel"]
[Result "0-1"]
[WhiteElo "1978"]
[BlackElo "1922"]
[PlyCount "55"]
[EventDate "2013.11.29"]
[EventRounds "10"]
[EventCountry "ESP"]
[Source "lmi"]
[SourceDate "2013.11.29"]

1. d4 d5 2. c4 e6 3. Nc3 c5 4. cxd5 exd5 5. Nf3 Nc6 6. g3 Nf6 7. Bg2 Be7 8. O-O
O-O 9. dxc5 Bxc5 10. Bg5 d4 11. Ne4 Be7 12. Nxf6+ Bxf6 13. Bxf6 Qxf6 14. Qd2
Bg4 15. h3 Bh5 16. b4 a6 17. Qb2 Rfe8 18. Rfd1 Rad8 19. Rd2 Bxf3 20. Bxf3 Ne5
21. Qb3 d3 22. Rad1 dxe2 23. Bxe2 Rxd2 24. Rxd2 Qh6 25. Qd5 Nc6 26. Qd7 Rf8 27.
b5 axb5 28. Bxb5 0-1

[Event "Benidorm 2013 - Torneo sub2000"]
[Site "Benidorm ESP"]
[Date "2013.12.05"]
[Round "8.8"]
[White "Sevilla Subiza, Javier"]
[Black "Moreno Alberti, Manuel"]
[Result "0-1"]
[WhiteElo "1971"]
[BlackElo "1914"]
[PlyCount "74"]
[EventDate "2013.11.29"]
[EventRounds "10"]
[EventCountry "ESP"]
[Source "lmi"]
[SourceDate "2013.11.29"]

1. d4 Nf6 2. Bg5 g6 3. Bxf6 exf6 4. e3 Bg7 5. g3 d5 6. Bg2 c6 7. Ne2 Bg4 8. h3
Bf5 9. Nd2 O-O 10. O-O Re8 11. Nf4 Nd7 12. b3 Be4 13. f3 Bf5 14. e4 Be6 15. Ne2
dxe4 16. fxe4 Nb6 17. c4 f5 18. e5 f6 19. Nf3 Qc7 20. Rc1 fxe5 21. d5 Bf7 22.
d6 Qd8 23. h4 h6 24. a4 Nd7 25. c5 Qa5 26. Qd2 Qxd2 27. Nxd2 e4 28. b4 a6 29.
h5 g5 30. g4 e3 31. Nc4 Bxc4 32. Rxc4 f4 33. Bf3 Ne5 34. Rcc1 Nxf3+ 35. Rxf3
Re4 36. Rb1 Rc4 37. Rff1 Rc2 0-1

[Event "Benidorm 2013 - Torneo sub2000"]
[Site "Benidorm ESP"]
[Date "2013.12.05"]
[Round "8.13"]
[White "Baltazar, Celso"]
[Black "Pol Guiscafre, David"]
[Result "1-0"]
[WhiteElo "1954"]
[BlackElo "1997"]
[PlyCount "50"]
[EventDate "2013.11.29"]
[EventRounds "10"]
[EventCountry "ESP"]
[Source "lmi"]
[SourceDate "2013.11.29"]

1. d4 d5 2. c4 e6 3. g3 c6 4. Bg2 f5 5. c5 b6 6. cxb6 Qxb6 7. Nf3 c5 8. dxc5
Bxc5 9. O-O Nf6 10. Nc3 Ne4 11. e3 Ba6 12. Re1 Nxc3 13. bxc3 O-O 14. Nd4 Bc4
15. Qa4 e5 16. Nb3 Bb5 17. Bxd5+ Kh8 18. Qa5 Nc6 19. Qxb6 Bxb6 20. a4 Bd3 21.
Bxc6 Rac8 22. Bd5 Rxc3 23. Bb2 Ba5 24. Nxa5 Rc5 25. Bc4 Rxc4 1-0

[Event "Benidorm 2013 - Torneo sub2000"]
[Site "Benidorm ESP"]
[Date "2013.12.05"]
[Round "8.18"]
[White "Garcia Martinez, Marcos"]
[Black "Westerweele, Henrik"]
[Result "1/2-1/2"]
[WhiteElo "1984"]
[BlackElo "1948"]
[PlyCount "26"]
[EventDate "2013.11.29"]
[EventRounds "10"]
[EventCountry "ESP"]
[Source "lmi"]
[SourceDate "2013.11.29"]

1. d4 Nf6 2. g3 c5 3. Nf3 e6 4. Bg2 Be7 5. O-O O-O 6. c4 d5 7. cxd5 exd5 8. Nc3
cxd4 9. Nxd4 Nc6 10. e4 Nxd4 11. Qxd4 dxe4 12. Qxd8 Rxd8 13. Nxe4 Bf5 1/2-1/2

[Event "Benidorm 2013 - Torneo sub2000"]
[Site "Benidorm ESP"]
[Date "2013.12.05"]
[Round "8.19"]
[White "Sande, Odmund"]
[Black "Muniz Giron, Carlos"]
[Result "0-1"]
[WhiteElo "1983"]
[BlackElo "1930"]
[PlyCount "52"]
[EventDate "2013.11.29"]
[EventRounds "10"]
[EventCountry "ESP"]
[Source "lmi"]
[SourceDate "2013.11.29"]

1. d4 Nf6 2. Bg5 d5 3. Bxf6 gxf6 4. Nf3 c5 5. c4 cxd4 6. cxd5 Qxd5 7. Nc3 Qa5
8. Nxd4 Bg7 9. Nb3 Qe5 10. e3 O-O 11. Be2 Nc6 12. O-O Rd8 13. Qc2 Qg5 14. Rfd1
Bf5 15. e4 Bg6 16. Rxd8+ Rxd8 17. Rd1 Rxd1+ 18. Qxd1 f5 19. Qd7 Bf6 20. Qxb7
Nd4 21. exf5 Nxe2+ 22. Nxe2 Qxf5 23. Nbc1 Qc2 24. Qb3 Qb1 25. Qb8+ Kg7 26. Qxa7
Bd3 0-1

[Event "Benidorm 2013 - Torneo sub2000"]
[Site "Benidorm ESP"]
[Date "2013.12.05"]
[Round "8.28"]
[White "Ferreruela Romero, Jose Joaqui"]
[Black "Gillespie, Gary"]
[Result "1-0"]
[WhiteElo "1993"]
[BlackElo "1877"]
[PlyCount "45"]
[EventDate "2013.11.29"]
[EventRounds "10"]
[EventCountry "ESP"]
[Source "lmi"]
[SourceDate "2013.11.29"]

1. d4 Nf6 2. c4 g6 3. Nc3 Bg7 4. e4 d6 5. Be2 O-O 6. Bg5 c5 7. d5 Qa5 8. Qd2 a6
9. Nf3 e6 10. dxe6 Bxe6 11. O-O Nc6 12. Bf4 Ne5 13. Qc2 Bxc4 14. Bxe5 Bxe2 15.
Bxf6 Bxf1 16. Bxg7 Kxg7 17. Rxf1 Rfe8 18. h4 h5 19. Qd2 b5 20. Qf4 Qd8 21. Rd1
Qf6 22. Qxf6+ Kxf6 23. Nd5+ 1-0

[Event "Benidorm 2013 - Torneo sub2000"]
[Site "Benidorm ESP"]
[Date "2013.12.05"]
[Round "8.32"]
[White "Gonzalez Pabollet, Jesus Maria"]
[Black "Ayza Casamitjana, Antoni"]
[Result "1-0"]
[WhiteElo "1970"]
[BlackElo "1869"]
[PlyCount "57"]
[EventDate "2013.11.29"]
[EventRounds "10"]
[EventCountry "ESP"]
[Source "lmi"]
[SourceDate "2013.11.29"]

1. d4 Nf6 2. Nf3 g6 3. Bf4 Bg7 4. Nc3 d5 5. e3 c6 6. Bd3 O-O 7. Qd2 b5 8. a3
Nbd7 9. e4 dxe4 10. Nxe4 Nd5 11. Bh6 Re8 12. h4 e5 13. h5 Nf4 14. hxg6 fxg6 15.
Bxg7 Kxg7 16. dxe5 Nxd3+ 17. cxd3 Qe7 18. Qh6+ Kg8 19. O-O-O Qg7 20. Qh4 Ba6
21. Nf6+ Nxf6 22. exf6 Qh8 23. Ng5 Re2 24. d4 h5 25. Qf4 Rf8 26. Rhe1 Rxe1 27.
f7+ Kg7 28. Rxe1 Qh6 29. Qe5# 1-0

[Event "Benidorm 2013 - Torneo sub2000"]
[Site "Benidorm ESP"]
[Date "2013.12.05"]
[Round "8.36"]
[White "Perez Ruiz, Santiago"]
[Black "Busto Prendes, Abel"]
[Result "1-0"]
[WhiteElo "1871"]
[BlackElo "1954"]
[PlyCount "35"]
[EventDate "2013.11.29"]
[EventRounds "10"]
[EventCountry "ESP"]
[Source "lmi"]
[SourceDate "2013.11.29"]

1. d4 Nf6 2. c4 g6 3. Nc3 d5 4. cxd5 Nxd5 5. e4 Nxc3 6. bxc3 Bg7 7. Be3 c5 8.
Nf3 O-O 9. Rc1 Qa5 10. Qd2 Be6 11. d5 Bg4 12. h3 Bxf3 13. gxf3 Nd7 14. h4 Rfd8
15. h5 e6 16. Bh6 Bh8 17. hxg6 fxg6 18. Bh3 1-0

[Event "Benidorm 2013 - Torneo sub2000"]
[Site "Benidorm ESP"]
[Date "2013.12.05"]
[Round "8.51"]
[White "Rios Torondell, Jaume"]
[Black "De Esteban De Esteban, Valenti"]
[Result "1/2-1/2"]
[WhiteElo "1950"]
[BlackElo "1764"]
[PlyCount "47"]
[EventDate "2013.11.29"]
[EventRounds "10"]
[EventCountry "ESP"]
[Source "lmi"]
[SourceDate "2013.11.29"]

1. e4 e5 2. d4 exd4 3. Bc4 Bc5 4. Bxf7+ Kf8 5. Qf3 Qf6 6. Bxg8 Qxf3 7. Nxf3
Kxg8 8. O-O Nc6 9. Bf4 d6 10. Nbd2 Be6 11. Ng5 Bd7 12. Ngf3 Kf7 13. h3 Rae8 14.
a3 Rhf8 15. Nb3 Bb6 16. Bg3 Kg8 17. Nfd2 Ne5 18. f4 Ng6 19. Kh2 c5 20. f5 Ne5
21. Bxe5 dxe5 22. Nc4 Bc7 23. a4 b6 24. Nbd2 1/2-1/2

[Event "Benidorm 2013 - Torneo sub2000"]
[Site "Benidorm ESP"]
[Date "2013.12.05"]
[Round "8.52"]
[White "Perez Guerra, Alberto"]
[Black "Amat Cerda, Andres"]
[Result "1-0"]
[WhiteElo "1921"]
[BlackElo "1783"]
[PlyCount "23"]
[EventDate "2013.11.29"]
[EventRounds "10"]
[EventCountry "ESP"]
[Source "lmi"]
[SourceDate "2013.11.29"]

1. e4 c5 2. Nf3 Nc6 3. Nc3 g6 4. d4 Bg7 5. Be3 cxd4 6. Nxd4 a6 7. Bc4 Nf6 8.
Nxc6 bxc6 9. e5 Nd5 10. Nxd5 Qa5+ 11. b4 Qa4 12. Bb3 1-0

[Event "Benidorm 2013 - Torneo sub2000"]
[Site "Benidorm ESP"]
[Date "2013.12.05"]
[Round "8.60"]
[White "Lopez Navarro, Antonio Jose"]
[Black "Martinez Perez, Pablo"]
[Result "0-1"]
[WhiteElo "1894"]
[BlackElo "1667"]
[PlyCount "50"]
[EventDate "2013.11.29"]
[EventRounds "10"]
[EventCountry "ESP"]
[Source "lmi"]
[SourceDate "2013.11.29"]

1. e4 c5 2. Nc3 d6 3. g3 g6 4. Bg2 Bg7 5. d3 Nc6 6. f4 Nh6 7. Nf3 O-O 8. O-O f5
9. Bd2 Bd7 10. Rb1 Rb8 11. Ne2 b5 12. c3 Qb6 13. Ng5 e5 14. Kh1 fxe4 15. dxe4
c4 16. h3 Ne7 17. Qc2 Nf7 18. f5 gxf5 19. exf5 Nxg5 20. Bxg5 Bxf5 21. Rxf5 Nxf5
22. Bd5+ Kh8 23. Qe4 Qf2 24. Rg1 h6 25. Rg2 Qf1+ 0-1

[Event "Benidorm 2013 - Torneo sub2000"]
[Site "Benidorm ESP"]
[Date "2013.12.05"]
[Round "8.71"]
[White "Moreno Cervera, Jose Luis"]
[Black "Losa Ordonez, Juan Jose"]
[Result "0-1"]
[WhiteElo "1833"]
[BlackElo "1561"]
[PlyCount "36"]
[EventDate "2013.11.29"]
[EventRounds "10"]
[EventCountry "ESP"]
[Source "lmi"]
[SourceDate "2013.11.29"]

1. d4 Nf6 2. Bf4 g6 3. e3 Bg7 4. Nf3 d6 5. Be2 O-O 6. O-O Nbd7 7. h3 Nb6 8. c4
Nh5 9. Bh2 c5 10. Nc3 Be6 11. d5 Bc8 12. e4 Nd7 13. Ne1 Nhf6 14. Nd3 Ne8 15. f4
f6 16. f5 g5 17. b4 cxb4 18. Nxb4 Qb6+ 0-1

[Event "Benidorm 2013 - Torneo sub2000"]
[Site "Benidorm ESP"]
[Date "2013.12.05"]
[Round "8.77"]
[White "Spina, Simonpietro"]
[Black "Reginaldo Huix, Pere"]
[Result "1-0"]
[WhiteElo "1762"]
[BlackElo "1926"]
[PlyCount "33"]
[EventDate "2013.11.29"]
[EventRounds "10"]
[EventCountry "ESP"]
[Source "lmi"]
[SourceDate "2013.11.29"]

1. c4 e6 2. Nc3 d5 3. cxd5 exd5 4. d4 f5 5. f4 Nf6 6. Nf3 c6 7. e3 Bd6 8. Be2
O-O 9. O-O Nbd7 10. Ne5 Ne4 11. Bf3 Ndf6 12. Qb3 Qe7 13. Bxe4 Nxe4 14. Rf3 Bd7
15. Nxd5 cxd5 16. Qxd5+ Kh8 17. Ng6+ 1-0

[Event "Benidorm 2013 - Torneo sub2000"]
[Site "Benidorm ESP"]
[Date "2013.12.05"]
[Round "8.79"]
[White "Pokee, Anne"]
[Black "Vegara Gallego, Pere"]
[Result "1/2-1/2"]
[WhiteElo "1882"]
[BlackElo "1699"]
[PlyCount "32"]
[EventDate "2013.11.29"]
[EventRounds "10"]
[EventCountry "ESP"]
[Source "lmi"]
[SourceDate "2013.11.29"]

1. e4 e5 2. Nf3 d5 3. d4 dxe4 4. Nxe5 Bd6 5. Bc4 Bxe5 6. dxe5 Qxd1+ 7. Kxd1 Nc6
8. Re1 Bg4+ 9. Be2 O-O-O+ 10. Bd2 Nxe5 11. Kc1 Nf6 12. Bc3 Rhe8 13. b3 Bxe2 14.
Rxe2 Nd5 15. Rxe4 Nxc3 16. Nxc3 f5 1/2-1/2

[Event "Benidorm 2013 - Torneo sub2000"]
[Site "Benidorm ESP"]
[Date "2013.12.05"]
[Round "8.97"]
[White "Gonzalez Etayo, Oihana"]
[Black "Illan Arques, Martin"]
[Result "1-0"]
[WhiteElo "1780"]
[BlackElo "1539"]
[PlyCount "41"]
[EventDate "2013.11.29"]
[EventRounds "10"]
[EventCountry "ESP"]
[Source "lmi"]
[SourceDate "2013.11.29"]

1. d4 d5 2. Nf3 Bg4 3. Ne5 Bf5 4. c4 Nf6 5. Nc3 e6 6. Qb3 b6 7. cxd5 Nxd5 8. e3
Nf6 9. Bb5+ Nbd7 10. Bc6 Rb8 11. Bxd7+ Nxd7 12. Nc6 Qg5 13. Rg1 Ra8 14. e4 Qh5
15. exf5 Qxh2 16. Ne2 Bd6 17. fxe6 O-O 18. exd7 Qh5 19. g4 Qg6 20. Be3 Bh2 21.
Ne7+ 1-0

[Event "Benidorm 2013 - Torneo sub2000"]
[Site "Benidorm ESP"]
[Date "2013.12.05"]
[Round "8.102"]
[White "Muro Turon, Raul"]
[Black "Benito Alba, Eladio"]
[Result "1-0"]
[WhiteElo "1905"]
[BlackElo "1705"]
[PlyCount "25"]
[EventDate "2013.11.29"]
[EventRounds "10"]
[EventCountry "ESP"]
[Source "lmi"]
[SourceDate "2013.11.29"]

1. e4 c6 2. d4 d5 3. f3 dxe4 4. fxe4 e5 5. Nf3 exd4 6. Bc4 Be7 7. O-O Be6 8.
Bxe6 fxe6 9. Nxd4 Qd6 10. Be3 Nf6 11. Nc3 Nbd7 12. Qe2 e5 13. Nf5 1-0

[Event "Benidorm 2013 - Torneo sub2000"]
[Site "Benidorm ESP"]
[Date "2013.12.05"]
[Round "8.146"]
[White "Sanz Ortiz, Joaquim"]
[Black "Rodriguez Gomez, Vicente"]
[Result "0-1"]
[WhiteElo "1542"]
[BlackElo "1993"]
[PlyCount "24"]
[EventDate "2013.11.29"]
[EventRounds "10"]
[EventCountry "ESP"]
[Source "lmi"]
[SourceDate "2013.11.29"]

1. f4 e5 2. d3 exf4 3. Bxf4 d5 4. Nf3 Bd6 5. Qd2 Nf6 6. Nc3 a6 7. Bg5 Be7 8. e4
dxe4 9. Nxe4 Nxe4 10. Bxe7 Nxd2 11. Kxd2 Kxe7 12. Re1+ Be6 0-1

[Event "Benidorm 2013 - Torneo sub2000"]
[Site "Benidorm ESP"]
[Date "2013.12.06"]
[Round "9.1"]
[White "Rizza, Francesco"]
[Black "Rincon Carrillo, Ricardo"]
[Result "1/2-1/2"]
[WhiteElo "1998"]
[BlackElo "1966"]
[PlyCount "97"]
[EventDate "2013.11.29"]
[EventRounds "10"]
[EventCountry "ESP"]
[Source "lmi"]
[SourceDate "2013.11.29"]

1. d4 Nf6 2. c4 g6 3. Nc3 Bg7 4. e4 O-O 5. Nf3 d6 6. Be2 Nbd7 7. O-O c6 8. h3
Qc7 9. Be3 e5 10. d5 cxd5 11. cxd5 Nc5 12. Rc1 Qe7 13. Nd2 a5 14. Nb5 Nfd7 15.
Qc2 f5 16. f3 b6 17. Nc4 fxe4 18. fxe4 Qh4 19. Nbxd6 Ba6 20. Nxb6 Nxb6 21. Bxc5
Bxe2 22. Qxe2 Nd7 23. Ba3 Bh6 24. Rxf8+ Rxf8 25. Rc7 Qg3 26. Rc3 Qh4 27. b3 Nf6
28. Bc5 Nh5 29. Bf2 Nf4 30. Qe1 Qh5 31. Kh1 Qe2 32. Rf3 Qxa2 33. Nc4 a4 34.
bxa4 Qxc4 35. a5 Rb8 36. Bb6 Bf8 37. Kh2 Bb4 38. Qe3 Qc2 39. Rf2 Qd3 40. Rb2
Bxa5 41. Qf2 Bxb6 42. Rxb6 Rxb6 43. Qxb6 Qxe4 44. Qd8+ Kg7 45. Qe7+ Kh6 46.
Qf8+ Kg5 47. Qe7+ Kh6 48. Qf8+ Kg5 49. Qe7+ 1/2-1/2

[Event "Benidorm 2013 - Torneo sub2000"]
[Site "Benidorm ESP"]
[Date "2013.12.06"]
[Round "9.2"]
[White "Aliyev, Ravan Azar"]
[Black "Hall, Rachid"]
[Result "0-1"]
[WhiteElo "1956"]
[BlackElo "1973"]
[PlyCount "112"]
[EventDate "2013.11.29"]
[EventRounds "10"]
[EventCountry "ESP"]
[Source "lmi"]
[SourceDate "2013.11.29"]

1. d4 Nf6 2. e3 d5 3. Bd3 Bg4 4. f3 Bc8 5. b3 b6 6. Bb2 Ba6 7. Bxa6 Nxa6 8. Qe2
Nb8 9. Nd2 e6 10. Nh3 Be7 11. Nf2 Nbd7 12. e4 O-O 13. e5 Nh5 14. g3 c5 15. f4
g6 16. c3 Rc8 17. Nd3 Ng7 18. Nf3 h5 19. O-O-O Nf5 20. Kb1 a5 21. Nf2 a4 22.
Rdg1 axb3 23. axb3 b5 24. h3 Qa5 25. g4 Ra8 26. gxf5 Qa2+ 27. Kc2 c4 28. b4
Bxb4 29. cxb4 Qb3+ 30. Kd2 c3+ 31. Ke3 cxb2+ 32. Nd3 Ra3 33. Nd2 Qxb4 34. fxe6
Nb6 35. exf7+ Kxf7 36. Nf3 Rfa8 37. e6+ Ke8 38. Kf2 Qc3 39. Nde5 b1=Q 40. Rxb1
Ra2 41. Rhe1 Rxe2+ 42. Rxe2 b4 43. Nxg6 Nc4 44. Rg1 Nd6 45. Nge5 Ne4+ 46. Kg2
b3 47. Kh2 Ra2 48. Rg8+ Ke7 49. Rg7+ Kxe6 50. Rg6+ Ke7 51. Rg7+ Kf8 52. Reg2
Rxg2+ 53. Rxg2 b2 54. Ng6+ Ke8 55. Rxb2 Qxb2+ 56. Kh1 Qf2 0-1

[Event "Benidorm 2013 - Torneo sub2000"]
[Site "Benidorm ESP"]
[Date "2013.12.06"]
[Round "9.3"]
[White "Blondel, Jerome"]
[Black "Gomez Dieguez, Adrian"]
[Result "0-1"]
[WhiteElo "1924"]
[BlackElo "1999"]
[PlyCount "156"]
[EventDate "2013.11.29"]
[EventRounds "10"]
[EventCountry "ESP"]
[Source "lmi"]
[SourceDate "2013.11.29"]

1. Nc3 e5 2. d4 exd4 3. Qxd4 Nf6 4. Nf3 d5 5. Bg5 Be7 6. e3 Be6 7. Be2 h6 8.
Bh4 O-O 9. Rd1 Nbd7 10. O-O c5 11. Qd2 Qb6 12. Qc1 a6 13. Bg3 Bd6 14. Na4 Qc6
15. Bxd6 Qxd6 16. c4 Qc6 17. cxd5 Nxd5 18. Nc3 b5 19. Rd2 N5f6 20. b3 Nb6 21.
Rfd1 b4 22. Nb1 Ne4 23. Rc2 Nd5 24. Nd4 Qb6 25. Nxe6 fxe6 26. Bf3 Ndc3 27. Nxc3
Nxc3 28. Rxc3 Rxf3 29. gxf3 bxc3 30. Qxc3 Qc6 31. Qe5 Qxf3 32. Qxe6+ Kh8 33.
Qd5 Qg4+ 34. Kh1 Rf8 35. Rg1 Qe2 36. Qg2 Rg8 37. f4 Qxe3 38. f5 Qe5 39. Qg6 Rf8
40. Rf1 Rf6 41. Qg4 g6 42. Rd1 Qxf5 43. Qxf5 gxf5 44. Rd5 c4 45. bxc4 Kg7 46.
Kg2 Kg6 47. c5 Kg5 48. Kf3 Re6 49. h4+ Kxh4 50. Rd6 Re4 51. Rxh6+ Kg5 52. Rxa6
Rc4 53. c6 Rc3+ 54. Ke2 Kg4 55. Kd2 Rc5 56. a4 f4 57. c7 Rxc7 58. Rg6+ Kf3 59.
a5 Rc5 60. a6 Ra5 61. Kd3 Ra4 62. Rf6 Kg2 63. Rg6+ Kf2 64. Rf6 f3 65. Kd2 Kg2
66. Rg6+ Kf1 67. Rf6 f2 68. Kc2 Rc4+ 69. Kd2 Rc7 70. Rg6 Rd7+ 71. Kc2 Re7 72.
Kd2 Re2+ 73. Kd1 Re1+ 74. Kd2 Ra1 75. Kc2 Ke2 76. Re6+ Kf3 77. Rf6+ Ke3 78.
Re6+ Kd4 0-1

[Event "Benidorm 2013 - Torneo sub2000"]
[Site "Benidorm ESP"]
[Date "2013.12.06"]
[Round "9.4"]
[White "Gonzalez Capacete, Jose Miguel"]
[Black "Cebrian Flores, Juan Antonio"]
[Result "1/2-1/2"]
[WhiteElo "1922"]
[BlackElo "1955"]
[PlyCount "179"]
[EventDate "2013.11.29"]
[EventRounds "10"]
[EventCountry "ESP"]
[Source "lmi"]
[SourceDate "2013.11.29"]

1. e4 c5 2. Nf3 d6 3. d4 cxd4 4. Nxd4 Nf6 5. Nc3 g6 6. Be3 Bg7 7. f3 Nc6 8. Bc4
O-O 9. h4 h5 10. Bb3 Bd7 11. Qd2 Rb8 12. Nxc6 bxc6 13. Bxa7 Rb7 14. Be3 Re8 15.
Bh6 Bh8 16. Rd1 Qa5 17. Qg5 d5 18. exd5 cxd5 19. O-O e6 20. Qd2 Qc7 21. Rfe1
Bc6 22. Bg5 Nh7 23. Bf4 Qb6+ 24. Be3 Qd8 25. Bf2 Bf6 26. Qf4 Be7 27. Ne4 Qb8
28. Qxb8 Rbxb8 29. Nc5 Rec8 30. Nd3 Bb5 31. Ne5 Nf8 32. g3 f6 33. Nd3 Kf7 34.
c3 Bc4 35. Nc1 Nd7 36. Bxc4 Rxc4 37. Re2 g5 38. hxg5 fxg5 39. Nd3 h4 40. Kg2
Bf6 41. Be1 Rcc8 42. Nf2 Ne5 43. Ng4 Nxg4 44. fxg4 Rc4 45. Kh3 hxg3 46. Kxg3
Rh8 47. Bf2 Bd8 48. Bd4 Rh6 49. Be5 Bb6 50. b3 Rc8 51. a4 Rh4 52. Rf1+ Ke8 53.
Ra1 d4 54. a5 Rxc3+ 55. Kg2 Rxg4+ 56. Kh2 Ba7 57. b4 Rb3 58. Bd6 Kd7 59. Be5 d3
60. Rd1 Rgxb4 61. Red2 Kc6 62. Rxd3 Rxd3 63. Rxd3 Kb5 64. Bf6 g4 65. Bd8 Bb8+
66. Kg1 Kc6 67. Bb6 Ra4 68. Kf1 e5 69. Rd8 Bd6 70. Rg8 Kb5 71. Rg6 Bc5 72. Bxc5
Kxc5 73. Rg5 Kd5 74. a6 Rxa6 75. Rxg4 Ra2 76. Ke1 Ke6 77. Rg3 Kf5 78. Rc3 Kf4
79. Rb3 Rc2 80. Ra3 Ke4 81. Ra4+ Kd3 82. Ra3+ Rc3 83. Rxc3+ Kxc3 84. Ke2 Kd4
85. Kd2 e4 86. Ke2 e3 87. Ke1 Kd3 88. Kd1 e2+ 89. Ke1 Kc3 90. Kxe2 1/2-1/2

[Event "Benidorm 2013 - Torneo sub2000"]
[Site "Benidorm ESP"]
[Date "2013.12.06"]
[Round "9.5"]
[White "Lopez Rivera, Jesus"]
[Black "Moreno Alberti, Manuel"]
[Result "1-0"]
[WhiteElo "1949"]
[BlackElo "1914"]
[PlyCount "87"]
[EventDate "2013.11.29"]
[EventRounds "10"]
[EventCountry "ESP"]
[Source "lmi"]
[SourceDate "2013.11.29"]

1. e4 c5 2. Ne2 d6 3. g3 g6 4. Bg2 Bg7 5. c3 e6 6. d4 cxd4 7. cxd4 Ne7 8. Nbc3
O-O 9. O-O d5 10. e5 a6 11. f4 f6 12. g4 f5 13. g5 Bd7 14. Qd3 b5 15. a3 Qb6
16. b4 Rc8 17. Be3 Be8 18. Rfc1 Ra7 19. Rc2 Rac7 20. Nc1 Nd7 21. Nb3 Qc6 22.
Nxd5 Qxc2 23. Nxe7+ Kf8 24. Qxc2 Rxc2 25. Nxc8 Rxc8 26. Rc1 Rc4 27. d5 exd5 28.
Bxd5 Rxc1+ 29. Nxc1 Ke7 30. Bb7 Nb8 31. Bc5+ Ke6 32. Nb3 Bc6 33. Nd4+ Kd7 34.
Nxc6 Nxc6 35. Bxa6 Nd8 36. Bxb5+ Kc7 37. Bc4 Nb7 38. Bd4 h6 39. h4 hxg5 40.
hxg5 Nd8 41. Kf2 Bf8 42. Ke3 Nc6 43. Bf7 Ne7 44. Bc5 1-0

[Event "Benidorm 2013 - Torneo sub2000"]
[Site "Benidorm ESP"]
[Date "2013.12.06"]
[Round "9.6"]
[White "Thomson, Neil"]
[Black "Bilescu, Lucian-Wolfgang"]
[Result "1/2-1/2"]
[WhiteElo "1900"]
[BlackElo "1970"]
[PlyCount "94"]
[EventDate "2013.11.29"]
[EventRounds "10"]
[EventCountry "ESP"]
[Source "lmi"]
[SourceDate "2013.11.29"]

1. e4 d5 2. exd5 Qxd5 3. Nc3 Qd8 4. Nf3 Nf6 5. Bc4 a6 6. d4 b5 7. Bd3 Bb7 8.
Qe2 e6 9. O-O Be7 10. Rd1 O-O 11. a4 b4 12. Ne4 Nxe4 13. Bxe4 Bxe4 14. Qxe4 Nd7
15. Qc6 Nb6 16. a5 Nd5 17. c4 bxc3 18. bxc3 Qd6 19. Ne5 f6 20. Ba3 Qxc6 21.
Nxc6 Kf7 22. Nxe7 Nxe7 23. Kf1 Rfd8 24. Ke2 Nc6 25. Bc5 Rab8 26. Rdb1 e5 27.
dxe5 Nxe5 28. Ba7 Rxb1 29. Rxb1 Nc4 30. Rb7 Rd2+ 31. Ke1 Rd7 32. Bb8 Nxa5 33.
Rxc7 Rxc7 34. Bxc7 Nc4 35. Kd1 Ke6 36. Kc2 Kd5 37. Kb3 Kc5 38. Bd8 a5 39. Ka4
Nb2+ 40. Kxa5 Nd1 41. Be7+ Kc4 42. Bf8 g6 43. Bg7 f5 44. Kb6 Nxf2 45. Kc6 Ne4
46. Kd7 Nxc3 47. Bxc3 Kxc3 1/2-1/2